000 00286nam a22001097a 4500
082 _a358.4 EMM'I
100 _aEMME, ENGENE M
_977693
245 _aTHE IMPACT OF AIR POWER NATIONAL SECURITY AND WORLD POLITICS
260 _aLONDON
_bD. VAN NOSTRAND
_c1959
300 _a914P
942 _cBK
999 _c582915
_d582915